000
00285nam a22001337a 4500
999
_c
54977
_d
54977
008
200203b ||||| |||| 00| 0 eng d
041
_a
eng
080
_a
043.3
082
_a
043.3
100
_a
0
101
_a
MTH
245
_a
Cloud Computing në SME
_c
Hashani,F
942
_2
udc
_c
BK